00411nam a2200169Ia 4500008004000000041000800040082001100048100001600059245004900075260004800124650001200172650001100184650001500195650000700210650001600217650000800233210210b1933 xxu||||| |||| 00| 0 eng d aeng a334/34 aMEHTA (J K) aPrinciples of public revenue and expenditure aAllahabadbThe Indian Press Pvt Ltd.,c1933 arevenue apublic aPrinciples aof aexpenditure aand